Detalles MARC
| 000 -LIDER |
| fixed length control field |
01483nam a2200373 a 4500 |
| 001 - NÚMERO DE CONTROL |
| Identificador de número de control |
0000400 |
| 003 - IDENTIFICACDOR DE NÚMERO DE CONTROL |
| control field |
DO-SdBNP |
| 005 - DATE AND TIME OF LATEST TRANSACTION |
| control field |
20180309141001.0 |
| 007 - CAMPOS FIJOS DE DESCRIPCIÓN FÍSICA |
| fixed length control field |
0000400 |
| 008 - ELEMENTOS DE LONGITUD FIJA |
| fixed length control field |
091125s2014 dr a 000 0 spa d |
| 020 ## - ISBN |
| International Standard Book Number |
9789945118544 |
| 040 ## - FUENTE DE CATALOGACIÓN |
| Agencia que crea de manera original el registro |
BPMSU |
| Idioma de catalogación |
spa |
| Agencia que realiza la transcripción |
BPMSU |
| 092 ## - LOCALLY ASSIGNED DEWEY DECIMAL CALL NUMBER |
| Número de clasificación |
373.54 |
| Número de ítem (Cutter) |
S456q, 2do. 2014 |
| 100 1# - ASIENTO PRINCIPAL -- NOMBRE PERSONAL |
| Nombre personal |
Segura de Óleo, Angela |
| 245 00 - MENCIÓN DE TITULO |
| Título |
Química 3: |
| Subtítulo |
educación media / |
| Mención de responsabilidad |
Angela Segura de Óleo ; dirección editorial Obdulia García de Escobar ; ilustración Ruddy Núñez |
| 260 ## - PUBLICACIÓN, DISTRIBUCIÓN, ETC. (PIE DE IMPRENTA) |
| Lugar de publicación, distribución, etc |
Santo Domingo : |
| Nombre del editor, distribuidor, etc. |
Santillana, |
| Fecha de publicación, distribución, etc |
2014. |
| 300 ## - DESCRIPCIÓN FÍSICA |
| Extensión |
2v. : |
| Otros detalles físicos |
il. ; |
| Dimensiones |
28 cm. |
| 490 1# - MENCIÓN DE SERIES |
| Mención de serie |
Innova |
| 500 ## - NOTA GENERAL |
| Nota general |
La biblioteca posee libro texto y guía |
| 500 ## - NOTA GENERAL |
| Nota general |
2do. grado/2do. ciclo |
| 505 0# - NOTA DE CONTENIDO |
| Título |
Introducción a la química orgánica -- |
| -- |
Los hidrocarburos -- |
| -- |
Alcoholes, fenoles y éteres -- |
| -- |
Los ácidos carboxílicos y sus derivados -- |
| -- |
Haluros orgánicos y compuestos nitrogenados -- |
| -- |
Los polímeros sintéticos -- |
| -- |
Las biomoléculas -- |
| 650 ## - ENCABEZAMIENTO DE MATERIA--TEMÁTICO |
| Término temático o nombre geográfico como elemento de entrada |
QUÍMICA |
| Subdivisión temática general |
ENSEÑANZA SECUNDARIA |
| 650 ## - ENCABEZAMIENTO DE MATERIA--TEMÁTICO |
| Término temático o nombre geográfico como elemento de entrada |
QUÍMICA |
| Subdivisión temática general |
EDUCACIÓN SECUNDARIA |
| 650 ## - ENCABEZAMIENTO DE MATERIA--TEMÁTICO |
| Término temático o nombre geográfico como elemento de entrada |
EDUCACIÓN SECUNDARIA |
| Subdivisión geográfica |
REPÚBLICA DOMINICANA |
| 650 ## - ENCABEZAMIENTO DE MATERIA--TEMÁTICO |
| Término temático o nombre geográfico como elemento de entrada |
QUÍMICA |
| Subdivisión temática general |
LIBROS DE TEXTOS |
| 650 ## - ENCABEZAMIENTO DE MATERIA--TEMÁTICO |
| Término temático o nombre geográfico como elemento de entrada |
QUÍMICA |
| Subdivisión temática general |
ESTUDIOS Y EJERCICIOS |
| 700 1# - ASIENTO SECUNDARIO -- NOMBRE PERSONAL |
| Nombre personal |
García de Escobar, Obdulia |
| Mención de responsabilidad |
ed. |
| 700 1# - ASIENTO SECUNDARIO -- NOMBRE PERSONAL |
| Nombre personal |
Núñez, Ruddy |
| Mención de responsabilidad |
il. |
| 830 #0 - ASIENTO SECUNDARIO DE SERIE--TÍTULO UNIFORME |
| Título uniforme |
Innova |
| 910 ## - VALIDACIÓN |
| Validación |
Validado. Control de caliddad MFF |
| 942 ## - ADDED ENTRY ELEMENTS (KOHA) |
| Source of classification or shelving scheme |
Dewey Decimal Classification |
| Koha item type |
Libros |
| 945 ## - INFORMACIÓN DE PROCESAMIENTO LOCAL |
| Información de procesamiento local |
Remanejado para la BNPHU / 2018 BT |
| 956 ## - LOCAL ELECTRONIC LOCATION AND ACCESS (OCLC) |
| Nombre de host |
Yngrid Lockward |
| Número de acceso |
10 |